[Event "Uppsala op"]
[Site "Uppsala"]
[Date "2023.08.09"]
[Round "3"]
[White "Hagevi, Vidar"]
[Black "Alberti, Milo"]
[Result "1-0"]
[WhiteElo "2026"]
[BlackElo "1624"]
[PlyCount "95"]
[EventDate "2023.08.07"]
[EventType "swiss"]
[EventRounds "7"]
[EventCountry "SWE"]
[SourceTitle "CBM 215 Extra"]
[Source "ChessBase"]
[SourceDate "2023.09.30"]
[SourceVersion "1"]
[SourceVersionDate "2023.09.30"]
[SourceQuality "1"]

1. e4 e5 2. Nf3 Nf6 3. d4 d6 4. Nc3 exd4 5. Nxd4 Be7 6. Bf4 0-0 7. Qd2 a6 8. 0-0-0 b5 9. Nf5 Bxf5 10. exf5 Nbd7 11. Kb1 Nc5 12. g4 Re8 13. Bg2 b4 14. Nd5 Nfe4 15. Qd4 Bh4 16. Be3 Rb8 17. f3 Nf6 18. Bc1 Re2 19. Bf1 Rf2 20. g5 Nxd5 21. Qxd5 Bxg5 22. Bc4 Bf6 23. Be3 Rg2 24. Qxf7+ Kh8 25. Bxc5 Qc8 26. Bd4 Qxf5 27. Bd3 Qf4 28. Rhe1 Be5 29. Qxf4 Bxf4 30. Rg1 Rxg1 31. Rxg1 Bh6 32. Bxa6 c5 33. Bf2 Re8 34. Bd3 g6 35. Be4 Kg7 36. Rd1 Bf4 37. Bg3 Bxg3 38. hxg3 Re6 39. a4 Kf6 40. a5 h5 41. a6 d5 42. a7 Ra6 43. Rxd5 Rxa7 44. Rxc5 Rd7 45. Kc1 g5 46. Rf5+ Kg7 47. Rxg5+ Kh6 48. Rg6+ 1-0